<?xml version="1.0" encoding="UTF-8"?>
<record
    xmlns:xsi="http://www.w3.org/2001/XMLSchema-instance"
    xsi:schemaLocation="http://www.loc.gov/MARC21/slim http://www.loc.gov/standards/marcxml/schema/MARC21slim.xsd"
    xmlns="http://www.loc.gov/MARC21/slim">

  <leader>01335nam0a22003131  4500</leader>
  <controlfield tag="001">rc\3301408</controlfield>
  <controlfield tag="005">20260407074212.0</controlfield>
  <datafield tag="021" ind1=" " ind2=" ">
    <subfield code="a">RU</subfield>
    <subfield code="b">[74-9731]</subfield>
  </datafield>
  <datafield tag="035" ind1=" " ind2=" ">
    <subfield code="a">(NLR Aleph) 007500565</subfield>
  </datafield>
  <datafield tag="090" ind1=" " ind2=" ">
    <subfield code="a">7664447</subfield>
    <subfield code="c">7664447</subfield>
  </datafield>
  <datafield tag="100" ind1=" " ind2=" ">
    <subfield code="a">20130115d1973    |||y0rusy50      ca</subfield>
  </datafield>
  <datafield tag="101" ind1="1" ind2=" ">
    <subfield code="a">rus</subfield>
    <subfield code="c">krc</subfield>
  </datafield>
  <datafield tag="102" ind1=" " ind2=" ">
    <subfield code="a">RU</subfield>
  </datafield>
  <datafield tag="105" ind1=" " ind2=" ">
    <subfield code="a">a   z   |||||</subfield>
  </datafield>
  <datafield tag="200" ind1="1" ind2=" ">
    <subfield code="a">&#x414;&#x435;&#x431;&#x435;&#x442; &#x417;&#x43B;&#x430;&#x442;&#x43E;&#x43B;&#x438;&#x43A;&#x438;&#x439; &#x438; &#x435;&#x433;&#x43E; &#x434;&#x440;&#x443;&#x437;&#x44C;&#x44F;</subfield>
    <subfield code="e">&#x411;&#x430;&#x43B;&#x43A;&#x430;&#x440;&#x43E;-&#x41A;&#x430;&#x440;&#x430;&#x447;&#x430;&#x435;&#x432;. &#x43D;&#x430;&#x440;&#x442;&#x441;&#x43A;&#x438;&#x439; &#x44D;&#x43F;&#x43E;&#x441;</subfield>
    <subfield code="f">&#x41F;&#x435;&#x440;&#x435;&#x432;&#x43E;&#x434; &#x421;. &#x41B;&#x438;&#x43F;&#x43A;&#x438;&#x43D;&#x430;</subfield>
    <subfield code="g">[&#x412;&#x441;&#x442;&#x443;&#x43F;. &#x441;&#x442;&#x430;&#x442;&#x44C;&#x44F; &#x410;. &#x425;&#x43E;&#x43B;&#x430;&#x435;&#x432;&#x430;</subfield>
    <subfield code="g">&#x418;&#x43B;.: &#x42D;.&#x418;. &#x41B;&#x435;&#x432;&#x430;&#x43D;&#x434;&#x43E;&#x432;&#x441;&#x43A;&#x430;&#x44F;</subfield>
    <subfield code="g">&#x41A;&#x430;&#x431;&#x430;&#x440;&#x434;.-&#x411;&#x430;&#x43B;&#x43A;&#x430;&#x440;. &#x43D;&#x430;&#x443;&#x447;.-&#x438;&#x441;&#x441;&#x43B;&#x435;&#x434;. &#x438;&#x43D;-&#x442; &#x43F;&#x440;&#x438; &#x421;&#x43E;&#x432;&#x435;&#x442;&#x435; &#x41C;&#x438;&#x43D;&#x438;&#x441;&#x442;&#x440;&#x43E;&#x432; &#x41A;&#x411; &#x410;&#x421;&#x421;&#x420;</subfield>
  </datafield>
  <datafield tag="210" ind1=" " ind2=" ">
    <subfield code="a">&#x41D;&#x430;&#x43B;&#x44C;&#x447;&#x438;&#x43A;</subfield>
    <subfield code="c">&#x42D;&#x43B;&#x44C;&#x431;&#x440;&#x443;&#x441;</subfield>
    <subfield code="d">1973]</subfield>
  </datafield>
  <datafield tag="215" ind1=" " ind2=" ">
    <subfield code="a">156 &#x441;., 5 &#x43B;. &#x438;&#x43B;.</subfield>
    <subfield code="d">20</subfield>
  </datafield>
  <datafield tag="608" ind1=" " ind2=" ">
    <subfield code="a">&#x42D;&#x43F;&#x43E;&#x441; &#x431;&#x430;&#x43B;&#x43A;&#x430;&#x440;&#x441;&#x43A;&#x438;&#x439; (&#x445;. &#x43B;.)</subfield>
    <subfield code="2">psbo</subfield>
  </datafield>
  <datafield tag="608" ind1=" " ind2=" ">
    <subfield code="a">&#x42D;&#x43F;&#x43E;&#x441; &#x43D;&#x430;&#x440;&#x442;&#x441;&#x43A;&#x438;&#x439; (&#x445;. &#x43B;.)</subfield>
    <subfield code="2">psbo</subfield>
  </datafield>
  <datafield tag="608" ind1=" " ind2=" ">
    <subfield code="a">&#x42D;&#x43F;&#x43E;&#x441; &#x43A;&#x430;&#x440;&#x430;&#x447;&#x430;&#x435;&#x432;&#x441;&#x43A;&#x438;&#x439; (&#x445;. &#x43B;.)</subfield>
    <subfield code="2">psbo</subfield>
  </datafield>
  <datafield tag="702" ind1=" " ind2="1">
    <subfield code="a">&#x425;&#x43E;&#x43B;&#x430;&#x435;&#x432;</subfield>
    <subfield code="b">&#x410;.</subfield>
    <subfield code="4">080</subfield>
  </datafield>
  <datafield tag="702" ind1=" " ind2="1">
    <subfield code="a">&#x41B;&#x438;&#x43F;&#x43A;&#x438;&#x43D;</subfield>
    <subfield code="b">&#x421;.</subfield>
    <subfield code="4">730</subfield>
  </datafield>
  <datafield tag="702" ind1=" " ind2="1">
    <subfield code="a">&#x41B;&#x435;&#x432;&#x430;&#x43D;&#x434;&#x43E;&#x432;&#x441;&#x43A;&#x430;&#x44F;</subfield>
    <subfield code="b">&#x42D;.&#x418;.</subfield>
    <subfield code="4">440</subfield>
  </datafield>
  <datafield tag="712" ind1="0" ind2="2">
    <subfield code="a">&#x41A;&#x430;&#x431;&#x430;&#x440;&#x434;&#x438;&#x43D;&#x43E;-&#x411;&#x430;&#x43B;&#x43A;&#x430;&#x440;&#x441;&#x43A;&#x438;&#x439; &#x41D;&#x418;&#x418;</subfield>
    <subfield code="c">&#x41D;&#x430;&#x43B;&#x44C;&#x447;&#x438;&#x43A;</subfield>
    <subfield code="3">RU\NLR\AUTH\8810038223</subfield>
    <subfield code="9">575287</subfield>
  </datafield>
  <datafield tag="801" ind1=" " ind2="0">
    <subfield code="a">RU</subfield>
    <subfield code="b">NLR</subfield>
    <subfield code="g">psbo</subfield>
  </datafield>
  <datafield tag="801" ind1=" " ind2="1">
    <subfield code="a">RU</subfield>
    <subfield code="b">ELAR</subfield>
    <subfield code="2">rusmarc</subfield>
  </datafield>
  <datafield tag="852" ind1=" " ind2=" ">
    <subfield code="a">NLR</subfield>
    <subfield code="j">73-3/10334</subfield>
  </datafield>
  <datafield tag="942" ind1=" " ind2=" ">
    <subfield code="c">BOOK</subfield>
  </datafield>
  <datafield tag="980" ind1=" " ind2=" ">
    <subfield code="a">NB</subfield>
  </datafield>
  <datafield tag="995" ind1=" " ind2=" ">
    <subfield code="5">2013-10-26</subfield>
    <subfield code="b">NLR01</subfield>
    <subfield code="c">NLR01</subfield>
    <subfield code="e">RF91</subfield>
    <subfield code="f">1-1496437</subfield>
    <subfield code="k">73-3/10334</subfield>
    <subfield code="o">0</subfield>
    <subfield code="r">BOOK</subfield>
    <subfield code="s">73310334_</subfield>
  </datafield>
</record>
